logo

Bir Sreshtho Munshi Abdur Rouf Library
Jhenaidah Cadet College

বিশাল বাংলায় / (Record no. 889)

MARC details
000 -LEADER
fixed length control field 00742nam a2200229 a 4500
001 - CONTROL NUMBER
JCCL Control Number 889
003 - CONTROL NUMBER IDENTIFIER
JCCL marc code BD-JhCC
005 - DATE AND TIME OF LATEST TRANSACTION
control field 20220606134024.0
008 - FIXED-LENGTH DATA ELEMENTS--GENERAL INFORMATION
fixed length control field 171011s2006 bg |||| ||a| 000 0 ben d
020 ## - INTERNATIONAL STANDARD BOOK NUMBER
International Standard Book Number 9844104866
035 ## - SYSTEM CONTROL NUMBER
system control number (BD-JhCC)889
040 ## - CATALOGING SOURCE
Original cataloging agency BD-JhCC
Modifying agency BD-JhCC
041 ## - LANGUAGE CODE
Language code of Book ben
082 ## - DEWEY DECIMAL CLASSIFICATION NUMBER
DDC Edition number 23
Classification number 891.4435
Author mark and Year HAQ 2006
100 ## - MAIN ENTRY--PERSONAL NAME
Personal name হক, সৈয়দ শামসুল
245 ## - TITLE STATEMENT
Title বিশাল বাংলায় /
Statement of responsibility, etc সৈয়দ শামসুল হক
260 ## - PUBLICATION, DISTRIBUTION, ETC. (IMPRINT)
Place of publication, distribution, etc ঢাকা :
Name of publisher, distributor, etc মাওলা ব্রাদার্স প্রকাশনী,
Date of publication, distribution, etc ২০০৬.
300 ## - PHYSICAL DESCRIPTION
Pagination 192 p. :
Other physical details ill. ;
Dimensions 21 cm.
650 ## - SUBJECT ADDED ENTRY--TOPICAL TERM
Topical term or geographic name as entry element Bengali Short stories
General subdivision Stories
Geographic subdivision Bangladesh
942 ## - ADDED ENTRY ELEMENTS (KOHA)
Source of classification or shelving scheme Dewey Decimal Classification
Koha item type Books
Koha issues (borrowed), all copies 1
Holdings
Source of classification or shelving scheme Damaged status Not for loan Home library Current library Shelving location Date of accession Cost, normal purchase price Total Checkouts Full call number Barcode Date last seen Copy number Koha item type Source of acquisition Date checked out
Dewey Decimal Classification     JCC Rouf Library JCC Rouf Library General Stacks 10/10/2017 150.00   891.4435 HAQ 2006 1860 10/11/2017 C-1 Books    
Dewey Decimal Classification     JCC Rouf Library JCC Rouf Library General Stacks 10/21/2017 150.00 1 891.4435 HAQ 2006 2757 06/13/2022 C-2 Books Zahedee Foundation 06/06/2022
Dewey Decimal Classification     JCC Rouf Library JCC Rouf Library Reference 10/31/2017 150.00   891.4435 HAQ 2006 2965 10/31/2017 C3 Books Foundation of Tenth's Effort  

JCC Library | Contacts | JCC Home

Last Update on 23 September 2017
Copyright @ 2017-2020 JCC Rouf Library
Rouf Library, Jhenidah Cadet College (JCC), Bangladesh